Eva Air fleet - Statistics

General Stats
  • This quiz has been taken 14 times
    3 since last reset
  • The average score is 8 of 10
Answer Stats
Hint Answer % Correct
Boeing 777-300ER
100%
Airbus A321-200
100%
Airbus (order) A321neo
100%
Airbus A330-200
100%
Airbus A330-300
100%
Airbus (order) A350-1000
100%
Boeing 787-10
67%
Boeing 787-9
67%
Boeing 777F
33%
Boeing (order) 777-300ER SF
0%
No matching quizzes found
Score Distribution
Percent of People with Each Score
Percentile by Number Answered
Your Score History
You have not taken this quiz since the last reset